000 00767nam a2200253 i 4500
003 DO-SdBNP
005 20250116073945.0
006 a||||br|||| 00| 0
007 ta
008 230814e2003 dr a|||| |||| 00| 0 spa d
020 _a8466736441
040 _aDO-SdBNP
_bspa
_cBNPHU
_erda
082 4 _222
_bM425
245 1 0 _aMatemática 3 :
_bpropuesta didáctica
264 4 _aSanto Domingo :
_bAnaya,
_c2003
300 _a223 páginas :
_bIlustraciones ;
_c29 cm.
336 _2rdacontent
_atexto
_btxt
337 _2rdamedia
_asin mediación
_bn
338 _2rdacarrier
_avolumen
_bnc
590 _aInventariado 2023 / DG
710 1 _aRepública Dominicana.
_bSecretaría de Estado de Educación, Bellas Artes y Cultos
_923965
910 _aDG
942 _2ddc
_cLBS1
999 _c55524
_d55524